Textbook Of Applied Mechanics In SI Units (Record no. 320307)

MARC details
000 -LEADER
fixed length control field 00408nam a2200157Ia 4500
008 - FIXED-LENGTH DATA ELEMENTS--GENERAL INFORMATION
fixed length control field 230718s9999 xx 000 0 und d
041 ## - LANGUAGE CODE
Language code of text/sound track or separate title eng
082 ## - DEWEY DECIMAL CLASSIFICATION NUMBER
Classification number 620.1
Item number KHU
100 ## - MAIN ENTRY--PERSONAL NAME
Personal name Khurmi R.S.
9 (RLIN) 141538
245 ## - TITLE STATEMENT
Title Textbook Of Applied Mechanics In SI Units
260 ## - PUBLICATION, DISTRIBUTION, ETC. (IMPRINT)
Date of publication, distribution, etc. 2009
Name of publisher, distributor, etc. S. Chand
300 ## - PHYSICAL DESCRIPTION
Extent 346
365 ## - TRADE PRICE
Currency code Rs.
Price amount 120.00
700 ## - ADDED ENTRY--PERSONAL NAME
Personal name Khurmi R.S.
9 (RLIN) 141538
906 ## - LOCAL DATA ELEMENT F, LDF (RLIN)
d B:47012-Dec-2008
c SS
b 204
Holdings
Withdrawn status Lost status Damaged status Not for loan Home library Current library Date acquired Vendor Budget Code Cost, normal purchase price Bill number Total Checkouts Full call number Barcode Date last seen Discount Cost, replacement price Bill Date Koha item type Original Barcode
        Cummins College of Engineering for Women Pune Cummins College of Engineering for Women Pune 16/02/2009 Om Book Stall SS 99.60 470   620.1 CCEP-BK-31514 18/07/2023 204 120.00 12/12/2008 Books 031514